Statystyki dla Państwa Graniczące z Serbią

Kliknij tutaj aby rozwiązać quiz!

Ogólne statystyki

  • Ten quiz został rozwiązany 4,297 razy
  • Średni wynik to 8 z 8

Statystyki odpowiedzi

Państwo % poprawnych
Chorwacja
98%
Rumunia
98%
Bośnia i Hercegowina
97%
Kosowo
97%
Bułgaria
96%
Węgry
96%
Macedonia Północna
95%
Czarnogóra
94%

Rozkład punktacji

Percentyl według liczby udzielonych odpowiedzi

Procent ludzi z każdym wynikiem

Twoja historia wyników

Nie rozwiązałeś tego quizu